SPRITNAL LIFE FOR METHODIST CH... (Record no. 1820)

MARC details
000 -LEADER
fixed length control field 00439nam a2200205Ia 4500
001 - CONTROL NUMBER
control field 002254
003 - CONTROL NUMBER IDENTIFIER
control field YMCAF
005 - DATE AND TIME OF LATEST TRANSACTION
control field 20230512160134.0
008 - FIXED-LENGTH DATA ELEMENTS--GENERAL INFORMATION
fixed length control field 100717s1954 ||||||||||||||||| ||und|d
024 ## - OTHER STANDARD IDENTIFIER
Standard number or code 2254
035 ## - SYSTEM CONTROL NUMBER
System control number 2235
040 ## - CATALOGING SOURCE
Original cataloging agency YMCAF
Language of cataloging eng
Transcribing agency IN-KoLT
041 ## - LANGUAGE CODE
Language code of text/sound track or separate title eng
082 ## - DEWEY DECIMAL CLASSIFICATION NUMBER
Classification number SPR-THO
100 ## - MAIN ENTRY--PERSONAL NAME
Personal name THOMAS G FRNES
245 #0 - TITLE STATEMENT
Title SPRITNAL LIFE FOR METHODIST CH...
260 ## - PUBLICATION, DISTRIBUTION, ETC.
Date of publication, distribution, etc. 1954
300 ## - PHYSICAL DESCRIPTION
Extent 96
942 ## - ADDED ENTRY ELEMENTS (KOHA)
Source of classification or shelving scheme Dewey Decimal Classification
Koha item type Books
Holdings
Withdrawn status Lost status Damaged status Not for loan Home library Current library Date acquired Total Checkouts Barcode Date last seen Price effective from Koha item type Public note
  Lost     JC Bose University of Science & Technology JC Bose University of Science & Technology 17/07/2010   2235 12/05/2023 12/05/2023 Books C